Internal Combustiojn engines (Record no. 10670)
[ view plain ]
| 000 -LEADER | |
|---|---|
| fixed length control field | 00376nam a22001697a 4500 |
| 003 - CONTROL NUMBER IDENTIFIER | |
| control field | OSt |
| 008 - FIXED-LENGTH DATA ELEMENTS--GENERAL INFORMATION | |
| fixed length control field | 210614b ||||| |||| 00| 0 eng d |
| 020 ## - INTERNATIONAL STANDARD BOOK NUMBER | |
| International Standard Book Number | 9781259006197 |
| 082 ## - DEWEY DECIMAL CLASSIFICATION NUMBER | |
| Classification number | 621.43 GAI |
| 100 ## - MAIN ENTRY--PERSONAL NAME | |
| Personal name | GANESAN,V |
| 245 ## - TITLE STATEMENT | |
| Title | Internal Combustiojn engines |
| 250 ## - EDITION STATEMENT | |
| Edition statement | 4TH |
| 260 ## - PUBLICATION, DISTRIBUTION, ETC. (IMPRINT) | |
| Place of publication, distribution, etc | New Delhi |
| Name of publisher, distributor, etc | TMH |
| Date of publication, distribution, etc | 2016 |
| 300 ## - PHYSICAL DESCRIPTION | |
| Extent | 730 |
| 650 ## - SUBJECT ADDED ENTRY--TOPICAL TERM | |
| Topical term or geographic name as entry element | DE |
| 942 ## - ADDED ENTRY ELEMENTS (KOHA) | |
| Source of classification or shelving scheme | Dewey Decimal Classification |
| Koha item type | Text Books |
| 650 ## - SUBJECT ADDED ENTRY--TOPICAL TERM | |
| -- | 3 |
| Withdrawn status | Lost status | Source of classification or shelving scheme | Damaged status | Not for loan | Collection code | Home library | Current library | Date acquired | Source of acquisition | Currency | Cost, normal purchase price | Bill Number | Total Checkouts | Full call number | Acc. no. / Barcode | Date last seen | Actual Cost, discounted price | Bill Date | Koha item type |
|---|---|---|---|---|---|---|---|---|---|---|---|---|---|---|---|---|---|---|---|
| Dewey Decimal Classification | Diploma in Mechanical | PIET C-LIBRARY | PIET C-LIBRARY | 15/04/2021 | Kirti Praskshan | IN Rupees | 670.00 | IN 2058 | 621.43 GAI | DE1391 | 14/06/2021 | 462.30 | 15/04/2021 | Text Books | |||||
| Dewey Decimal Classification | Diploma in Mechanical | PIET C-LIBRARY | PIET C-LIBRARY | 15/04/2021 | Kirti Praskshan | IN Rupees | 670.00 | IN 2058 | 621.43 GAI | DE1392 | 14/06/2021 | 462.30 | 15/04/2021 | Text Books | |||||
| Dewey Decimal Classification | Diploma in Mechanical | PIET C-LIBRARY | PIET C-LIBRARY | 14/06/2021 | Kirti Praskshan | IN Rupees | 670.00 | IN2138 | 621.43 GAI | DE1401 | 03/07/2021 | 462.30 | 14/06/2021 | Text Books | |||||
| Dewey Decimal Classification | Diploma in Mechanical | PIET C-LIBRARY | PIET C-LIBRARY | 14/06/2021 | Kirti Praskshan | IN Rupees | 670.00 | IN2138 | 621.43 GAI | DE1402 | 03/07/2021 | 462.30 | 14/06/2021 | Text Books | |||||
| Dewey Decimal Classification | Diploma in Mechanical | PIET C-LIBRARY | PIET C-LIBRARY | 14/06/2021 | Kirti Praskshan | IN Rupees | 670.00 | IN2138 | 621.43 GAI | DE1403 | 03/07/2021 | 462.30 | 14/06/2021 | Text Books |